Rantaradan juna-asemat kartalla - Statistics

Yleistilastot
  • Tätä visaa on pelattu 168 kertaa
  • Keskiarvotulos 15 / 20
Vastaukset kartalla
Vastauksille on annettu kartalla punavihreä väri sen mukaan, kuinka moni on saanut sen oikein.
 
Vastaustilastot
Vastaus % Oikein
Helsinki
99%
Pasila
97%
Espoo
94%
Kirkkonummi
94%
Leppävaara
90%
Ilmala
87%
Kauniainen
84%
Siuntio
84%
Huopalahti
83%
Kilo
81%
Pitäjänmäki
80%
Kauklahti
75%
Masala
73%
Kera
70%
Tuomarila
68%
Valimo
62%
Mäkkylä
59%
Koivuhovi
58%
Jorvas
53%
Tolsa
53%
Ehtoja vastaavia visoja ei löytynyt
Tulosjakauma
Jokaisen tuloksen saaneiden osuus
Persentiili vastausten määrän mukaan
Tuloshistoriasi
Et ole pelannut tätä visaa